00310nam a2200133Ia 4500003000400000005001700004008004100021020001900062040002700081100001700108245003400125260000800159260000900167OSt20240221145322.0170524s9999 xx 000 0 und d a978-0070265080 cIIMT UNIVERSITY MEERUT aTaub Herbert 0aDigital Integrated Electronic bMGH c1997